00378nam a2200121Ia 4500003000400000005001700004008004100021040001800062041000800080100005400088245007900142260003500221OSt20260120154916.0211028s2014 xx 000 0 und d cAIMIT LIBRARY aeng aD Souza, Reynol Francis; Pereira, Divya.g1216103 aStudy on declining value of assets at everest Oswald D Souza corporation / aMangalorebDivya Pereirac2014